[Event "Cheliabinsk Arhipov Memorial"]
[Site "Cheliabinsk"]
[Date "2007.03.17"]
[Round "9"]
[White "Galstian, Beniamin"]
[Black "Sveshnikov, Evgeny"]
[Result "0-1"]
[WhiteElo "2464"]
[BlackElo "2504"]
[PlyCount "70"]
[EventDate "2007.03.09"]
[EventType "tourn"]
[EventRounds "9"]
[EventCountry "RUS"]
[EventCategory "12"]
[SourceTitle "CBM 117 Extra"]
[Source "ChessBase"]
[SourceDate "2007.05.09"]
[SourceVersion "1"]
[SourceVersionDate "2007.05.09"]
[SourceQuality "1"]

1. d4 d5 2. c4 e6 3. Nf3 Nf6 4. e3 Nbd7 5. b3 Ne4 6. Bd3 f5 7. 0-0 Bd6 8. Ba3 0-0 9. Qc1 c5 10. Bb2 b6 11. Ne5 Bb7 12. f3 Nef6 13. Nd2 cxd4 14. Nxd7 Nxd7 15. Bxd4 e5 16. Bb2 Bc5 17. Re1 f4 18. cxd5 Bxe3+ 19. Rxe3 fxe3 20. Ne4 Bxd5 21. Qxe3 Qe7 22. Rd1 Kh8 23. Bb5 Be6 24. Ng5 Rad8 25. Nxe6 Qxe6 26. Re1 Qd6 27. Kh1 Qc5 28. Qe2 e4 29. fxe4 Rf2 30. Bxg7+ Kxg7 31. Qg4+ Kh8 32. Bxd7 Rg8 33. Qh3 Rfxg2 34. Qxg2 Rxg2 35. Kxg2 Qc2+ 0-1

[Event "Cheliabinsk Arhipov Memorial"]
[Site "Cheliabinsk"]
[Date "2007.03.12"]
[Round "4"]
[White "Riazantsev, Alexander"]
[Black "Galstian, Beniamin"]
[Result "1-0"]
[WhiteElo "2629"]
[BlackElo "2464"]
[PlyCount "53"]
[EventDate "2007.03.09"]
[EventType "tourn"]
[EventRounds "9"]
[EventCountry "RUS"]
[EventCategory "12"]
[SourceTitle "CBM 117 Extra"]
[Source "ChessBase"]
[SourceDate "2007.05.09"]
[SourceVersion "1"]
[SourceVersionDate "2007.05.09"]
[SourceQuality "1"]

1. d4 d5 2. c4 c6 3. Nc3 Nf6 4. Nf3 a6 5. Ne5 Nbd7 6. Bf4 dxc4 7. Nxc4 b5 8. Ne5 Bb7 9. e3 e6 10. Qf3 Qb6 11. Nxd7 Nxd7 12. Bd3 Nf6 13. Be5 c5 14. Qg3 Rc8 15. 0-0 c4 16. Bc2 Be7 17. Rad1 0-0 18. d5 exd5 19. Nxd5 Bxd5 20. Rxd5 g6 21. Rdd1 Qe6 22. f4 Nd7 23. Bc3 Bc5 24. Kh1 Nb6 25. f5 Qe7 26. fxg6 fxg6 27. Bxg6 1-0

[Event "Moscow Aeroflot op-B"]
[Site "Moscow"]
[Date "2006.02.07"]
[Round "1"]
[White "Safarli, Eltaj"]
[Black "Galstian, Beniamin"]
[Result "1/2-1/2"]
[WhiteElo "2417"]
[BlackElo "2480"]
[PlyCount "57"]
[EventDate "2006.02.07"]
[EventType "swiss"]
[EventRounds "9"]
[EventCountry "RUS"]
[SourceTitle "EXT 2007"]
[Source "ChessBase"]
[SourceDate "2006.11.23"]
[SourceVersion "1"]
[SourceVersionDate "2006.11.23"]
[SourceQuality "1"]

1. e4 e6 2. d4 d5 3. exd5 exd5 4. Nf3 Bd6 5. c4 Nf6 6. Nc3 0-0 7. cxd5 h6 8. Be2 Nbd7 9. 0-0 Nb6 10. Ne5 Nbxd5 11. Qb3 c6 12. Bf3 Qb6 13. Nxd5 Nxd5 14. Bxd5 cxd5 15. Qxb6 axb6 16. Bf4 Bf5 17. Ng6 Bxg6 18. Bxd6 Rfc8 19. Bb4 Rc2 20. Bc3 f6 21. a3 Re8 22. Rac1 Ree2 23. Rxc2 Rxc2 24. Re1 Kf7 25. f3 Bf5 26. Bb4 Be6 27. Bc3 g5 28. Rf1 Bf5 29. Rf2 1/2-1/2

[Event "Fajr op 14th"]
[Site "Tehran"]
[Date "2006.01.29"]
[Round "7"]
[White "Galstian, Beniamin"]
[Black "Ghaem Maghami, Ehsan"]
[Result "1/2-1/2"]
[WhiteElo "2476"]
[BlackElo "2564"]
[PlyCount "39"]
[EventDate "2006.01.24"]
[EventType "swiss"]
[EventRounds "9"]
[EventCountry "IRI"]
[SourceTitle "CBM 110 Extra"]
[Source "ChessBase"]
[SourceDate "2006.03.10"]
[SourceVersion "2"]
[SourceVersionDate "2006.03.10"]
[SourceQuality "1"]

1. e4 c5 2. Nf3 d6 3. c3 Nf6 4. Bd3 g6 5. Bc2 Bg4 6. d3 Bg7 7. Nbd2 Nc6 8. h3 Bd7 9. 0-0 0-0 10. Re1 e5 11. a3 h6 12. b4 Be6 13. Bb2 b5 14. d4 exd4 15. cxd4 Nh5 16. Rb1 Ba2 17. Ra1 Be6 18. Rb1 Ba2 19. Ra1 Be6 20. Rb1 1/2-1/2

[Event "Fajr op 14th"]
[Site "Tehran"]
[Date "2006.01.28"]
[Round "5"]
[White "Galstian, Beniamin"]
[Black "Alavi, Sayed Javad"]
[Result "1-0"]
[WhiteElo "2476"]
[BlackElo "2293"]
[PlyCount "63"]
[EventDate "2006.01.24"]
[EventType "swiss"]
[EventRounds "9"]
[EventCountry "IRI"]
[SourceTitle "CBM 110 Extra"]
[Source "ChessBase"]
[SourceDate "2006.03.10"]
[SourceVersion "2"]
[SourceVersionDate "2006.03.10"]
[SourceQuality "1"]

1. e4 c6 2. d4 d5 3. e5 Bf5 4. c3 e6 5. Be3 Qb6 6. Qb3 f6 7. f4 fxe5 8. fxe5 Qc7 9. Nf3 h6 10. Nbd2 Nd7 11. Be2 g5 12. c4 Qb6 13. Qc3 Qb4 14. Qxb4 Bxb4 15. a3 Ba5 16. c5 Bd8 17. h3 Kf7 18. g4 Bc2 19. Rc1 Bh7 20. h4 gxh4 21. Nxh4 Kg7 22. Nf1 Be4 23. Rh2 Bg5 24. Kd2 Ne7 25. Ng3 Ng6 26. Nxe4 Bxh4 27. Nd6 Bg5 28. Rf2 Ngxe5 29. dxe5 Nxe5 30. Rcf1 Rad8 31. Nf7 Nc4+ 32. Bxc4 1-0

[Event "Fajr op 14th"]
[Site "Tehran"]
[Date "2006.01.25"]
[Round "3"]
[White "Galstian, Beniamin"]
[Black "Durarbayli, Vasif"]
[Result "1-0"]
[WhiteElo "2476"]
[BlackElo "2163"]
[PlyCount "145"]
[EventDate "2006.01.24"]
[EventType "swiss"]
[EventRounds "9"]
[EventCountry "IRI"]
[SourceTitle "CBM 110 Extra"]
[Source "ChessBase"]
[SourceDate "2006.03.10"]
[SourceVersion "2"]
[SourceVersionDate "2006.03.10"]
[SourceQuality "1"]

1. e4 c5 2. Nf3 d6 3. Bc4 Nf6 4. d3 Nc6 5. c3 e6 6. Nbd2 Be7 7. Bb3 0-0 8. 0-0 d5 9. Re1 d4 10. Qe2 e5 11. Ba4 Bg4 12. h3 Bxf3 13. Nxf3 Nd7 14. Bxc6 bxc6 15. cxd4 cxd4 16. Qc2 Rc8 17. Bd2 Bd6 18. Rac1 Qe7 19. Re2 h6 20. Ba5 g6 21. Nd2 Kg7 22. Nc4 Bb8 23. Rf1 Rfe8 24. Bd2 g5 25. Bc1 Nf8 26. g3 Ng6 27. Qd1 Qe6 28. Kg2 Rf8 29. b3 c5 30. Ree1 Rc6 31. Qg4 Bc7 32. Re2 f5 33. exf5 Qxf5 34. Qxf5 Rxf5 35. Nd2 Ba5 36. Ne4 Rf8 37. Rc2 Rfc8 38. Ba3 Bb4 39. Bb2 Nf8 40. a3 Ba5 41. Rfc1 Ne6 42. b4 Bb6 43. a4 c4 44. Rxc4 Rxc4 45. dxc4 Bd8 46. c5 Be7 47. Ba3 Kf8 48. Kf1 Ke8 49. Ke2 Kd7 50. b5 Nc7 51. c6+ Ke6 52. Bxe7 Kxe7 53. Kd3 Nd5 54. a5 Nb4+ 55. Kd2 Nd5 56. Rb1 Rb8 57. Kd3 Ke6 58. Kc4 Rc8 59. Kd3 Rb8 60. Nc5+ Kd6 61. Nb7+ Kc7 62. Nc5 Kd6 63. Kc4 Nc3 64. Rb2 Nd5 65. Nb7+ Ke6 66. b6 axb6 67. axb6 Ne7 68. Nc5+ Kd6 69. c7 Rh8 70. b7 Kxc7 71. Na6+ Kd6 72. b8Q+ Rxb8 73. Rxb8 1-0

[Event "Stepanakert-B"]
[Site "Stepanakert"]
[Date "2005.10.04"]
[Round "3"]
[White "Galstian, Beniamin"]
[Black "Lopez Martinez, Josep Manuel"]
[Result "1-0"]
[WhiteElo "2474"]
[BlackElo "2505"]
[PlyCount "87"]
[EventDate "2005.10.02"]
[EventType "tourn"]
[EventRounds "9"]
[EventCountry "ARM"]
[EventCategory "11"]
[SourceTitle "CBM 110"]
[Source "ChessBase"]
[SourceDate "2006.01.31"]
[SourceVersion "1"]
[SourceVersionDate "2006.01.31"]
[SourceQuality "1"]

1. e4 e6 2. d4 d5 3. Nc3 Bb4 4. e5 Ne7 5. a3 Bxc3+ 6. bxc3 c5 7. Nf3 Qa5 8. Bd2 Bd7 9. a4 Nbc6 10. Bb5 Qc7 11. 0-0 h6 12. Bc1 b6 13. Ba3 Na5 14. Nd2 Bxb5 15. axb5 0-0 16. Qe2 Nb7 17. f4 Rfc8 18. g4 Qd7 19. Qd3 Rc7 20. f5 cxd4 21. cxd4 Rac8 22. Bb4 Rxc2 23. Rxa7 R2c7 24. h4 exf5 25. gxf5 Rc1 26. Bxe7 Qxe7 27. f6 gxf6 28. exf6 Qxf6 29. Rxb7 R8c3 30. Qxc3 Qg6+ 31. Kf2 Rxc3 32. Rg1 Qxg1+ 33. Kxg1 Rd3 34. Nf1 Rxd4 35. h5 Rb4 36. Rxb6 d4 37. Kf2 Rb2+ 38. Kf3 Rb3+ 39. Ke4 Rh3 40. Rxh6 Kg7 41. Rd6 Rxh5 42. Rd5 Rh1 43. Nd2 Kf6 44. b6 1-0

[Event "Lahijan op 4th"]
[Site "Lahijan"]
[Date "2005.09.01"]
[Round "10"]
[White "Nasri, Amin"]
[Black "Galstian, Beniamin"]
[Result "0-1"]
[WhiteElo "2212"]
[BlackElo "2460"]
[PlyCount "42"]
[EventDate "2005.08.24"]
[EventType "swiss"]
[EventRounds "10"]
[EventCountry "IRI"]
[SourceTitle "CBM 108 Extra"]
[Source "ChessBase"]
[SourceDate "2005.11.04"]
[SourceVersion "1"]
[SourceVersionDate "2005.11.04"]
[SourceQuality "1"]

1. d4 Nf6 2. c4 c5 3. d5 e5 4. Nc3 d6 5. e4 g6 6. g3 Bg7 7. Bg2 0-0 8. Nge2 Nh5 9. 0-0 f5 10. f4 Nd7 11. Qc2 a6 12. a4 Rb8 13. Bd2 exf4 14. Nxf4 Nxf4 15. Bxf4 Ne5 16. b3 Bd7 17. exf5 gxf5 18. a5 b6 19. axb6 Qxb6 20. Rfb1 Ng6 21. Bd2 f4 0-1

[Event "IRI-chT"]
[Site "Iran"]
[Date "2005.07.22"]
[Round "7"]
[White "Aryanejad, Hossein"]
[Black "Galstian, Beniamin"]
[Result "1/2-1/2"]
[WhiteElo "2288"]
[BlackElo "2448"]
[PlyCount "63"]
[EventDate "2005.05.26"]
[EventType "team-tourn"]
[EventRounds "11"]
[EventCountry "IRI"]
[SourceTitle "CBM 106 Extra"]
[Source "ChessBase"]
[SourceDate "2005.07.01"]
[SourceVersion "1"]
[SourceVersionDate "2005.07.01"]
[SourceQuality "1"]

1. e4 e5 2. Nf3 Nc6 3. Bc4 Bc5 4. c3 Nf6 5. d3 d6 6. Nbd2 0-0 7. h3 a6 8. Bb3 Ba7 9. Nf1 Ne7 10. Ng3 Ng6 11. 0-0 h6 12. Nh2 Be6 13. Ng4 c6 14. Qf3 Nxg4 15. hxg4 Nh4 16. Qe2 g5 17. Nf5 Nxf5 18. gxf5 Bxb3 19. axb3 Kg7 20. g3 Rh8 21. Kg2 f6 22. Rh1 Qe8 23. Bd2 Qf7 24. Qh5 Qxh5 25. Rxh5 Rad8 26. Rah1 d5 27. Bc1 dxe4 28. dxe4 Rd3 29. Kf1 Rd1+ 30. Ke2 Rxh1 31. Rxh1 Rd8 32. g4 1/2-1/2

[Event "IRI-chT"]
[Site "Iran"]
[Date "2005.07.21"]
[Round "6"]
[White "Galstian, Beniamin"]
[Black "Ghane Gardeh, Shojaat"]
[Result "1-0"]
[WhiteElo "2448"]
[BlackElo "2375"]
[PlyCount "83"]
[EventDate "2005.05.26"]
[EventType "team-tourn"]
[EventRounds "11"]
[EventCountry "IRI"]
[SourceTitle "CBM 106 Extra"]
[Source "ChessBase"]
[SourceDate "2005.07.01"]
[SourceVersion "1"]
[SourceVersionDate "2005.07.01"]
[SourceQuality "1"]

1. e4 e6 2. d4 d5 3. e5 c5 4. c3 Bd7 5. Nf3 a6 6. Bd3 Bb5 7. Bc2 a5 8. Be3 Nd7 9. Ng5 cxd4 10. Nxe6 fxe6 11. Qh5+ g6 12. Bxg6+ hxg6 13. Qxg6+ Ke7 14. Bg5+ Ngf6 15. cxd4 Qb6 16. Nc3 Qxd4 17. exf6+ Kd8 18. f7+ Kc8 19. Nxb5 Bb4+ 20. Nc3 Bxc3+ 21. bxc3 Qxc3+ 22. Ke2 Qb2+ 23. Bd2 Qe5+ 24. Kf3 Nf8 25. Qc2+ Kd8 26. h4 Qh5+ 27. Kg3 Qxf7 28. Rac1 Qd7 29. Bg5+ Ke8 30. Rhe1 Rg8 31. f4 Nh7 32. Qe2 Ra6 33. Qh5+ Kf8 34. Re5 Rc6 35. Qh6+ Rg7 36. Rxc6 bxc6 37. Rxe6 Qa7 38. Kh2 Qb8 39. Rd6 Nxg5 40. hxg5 Kg8 41. Qe6+ Kh8 42. Qf6 1-0

[Event "IRI-chT"]
[Site "Iran"]
[Date "2005.05.27"]
[Round "2"]
[White "Galstian, Beniamin"]
[Black "Amini, Amer"]
[Result "1-0"]
[WhiteElo "2448"]
[BlackElo "2267"]
[PlyCount "71"]
[EventDate "2005.05.26"]
[EventType "team-tourn"]
[EventRounds "11"]
[EventCountry "IRI"]
[SourceTitle "CBM 106 Extra"]
[Source "ChessBase"]
[SourceDate "2005.07.01"]
[SourceVersion "1"]
[SourceVersionDate "2005.07.01"]
[SourceQuality "1"]

1. e4 c6 2. d4 d5 3. e5 Bf5 4. c3 e6 5. Be3 Nd7 6. Nd2 f6 7. f4 Qb6 8. Qb3 h6 9. Be2 0-0-0 10. g4 Bh7 11. Ngf3 Qxb3 12. axb3 a6 13. b4 Ne7 14. h3 Be4 15. Rg1 f5 16. Nh4 g6 17. Kf2 Rh7 18. gxf5 Bxf5 19. Nxf5 exf5 20. Nf3 Bg7 21. Nh4 Nf8 22. Bd3 Kb8 23. Rg2 Bh8 24. Rag1 Rf7 25. Kf3 Re8 26. Bf2 Kc7 27. b3 Rd8 28. Be3 Kd7 29. c4 Rc8 30. Nxg6 Nfxg6 31. Rxg6 Nxg6 32. Rxg6 Ke7 33. Bf2 Kf8 34. Rxh6 Bg7 35. Rh5 Kg8 36. Bxf5 1-0

[Event "ARM-ch"]
[Site "Yerevan"]
[Date "2005.05.09"]
[Round "10"]
[White "Nalbandian, Tigran"]
[Black "Galstian, Beniamin"]
[Result "1/2-1/2"]
[WhiteElo "2508"]
[BlackElo "2448"]
[PlyCount "23"]
[EventDate "2005.04.29"]
[EventType "tourn"]
[EventRounds "11"]
[EventCountry "ARM"]
[EventCategory "11"]
[SourceTitle "CBM 107"]
[Source "ChessBase"]
[SourceDate "2005.08.01"]
[SourceVersion "1"]
[SourceVersionDate "2005.08.01"]
[SourceQuality "1"]

1. d4 d5 2. Nf3 Nf6 3. c4 c6 4. e3 Bf5 5. Nc3 e6 6. Bd3 Bxd3 7. Qxd3 Nbd7 8. 0-0 Be7 9. Rd1 0-0 10. b3 a5 11. Bb2 Re8 12. Rac1 1/2-1/2

[Event "ARM-ch"]
[Site "Yerevan"]
[Date "2005.04.29"]
[Round "1"]
[White "Asrian, Karen"]
[Black "Galstian, Beniamin"]
[Result "1-0"]
[WhiteElo "2611"]
[BlackElo "2448"]
[PlyCount "106"]
[EventDate "2005.04.29"]
[EventType "tourn"]
[EventRounds "11"]
[EventCountry "ARM"]
[EventCategory "11"]
[SourceTitle "CBM 107"]
[Source "ChessBase"]
[SourceDate "2005.08.01"]
[SourceVersion "1"]
[SourceVersionDate "2005.08.01"]
[SourceQuality "1"]

1. e4 e5 2. Nf3 Nc6 3. Bb5 Nf6 4. d3 d6 5. c3 g6 6. 0-0 Bg7 7. Nbd2 0-0 8. Re1 Bd7 9. Nf1 Nh5 10. Ba4 Kh8 11. Bg5 Qe8 12. Ne3 h6 13. Bh4 Nf4 14. Bg3 Ne6 15. Bc2 Rd8 16. Nf5 gxf5 17. exf5 Ned4 18. cxd4 Bxf5 19. Ba4 Qe6 20. Bxc6 bxc6 21. dxe5 Qd5 22. Qa4 dxe5 23. Bxe5 Bxd3 24. Rad1 f6 25. Bxc7 Rd7 26. Bg3 Rfd8 27. b3 c5 28. h3 Kh7 29. Qa3 c4 30. bxc4 Qxc4 31. Re7 a6 32. Kh2 Bf5 33. Rc1 Qd3 34. Rc3 Qf1 35. Re1 Qb5 36. Rb3 Qc4 37. Rc1 Qe6 38. Re3 Qb6 39. Re7 Rxe7 40. Qxe7 Rd7 41. Qa3 Rd3 42. Qa4 Qb5 43. Qf4 Bd7 44. Re1 Qf5 45. Qc7 Bf8 46. Nh4 Qg5 47. Qc4 Qd5 48. Qf4 Qd4 49. Re4 Qa1 50. Re7+ Bxe7 51. Qe4+ f5 52. Qxd3 Be6 53. Nxf5 Bf6 1-0

[Event "Moscow Aeroflot op-B"]
[Site "Moscow"]
[Date "2005.02.21"]
[Round "7"]
[White "Marin, Mihail"]
[Black "Galstian, Beniamin"]
[Result "1/2-1/2"]
[WhiteElo "2540"]
[BlackElo "2444"]
[PlyCount "57"]
[EventDate "2005.02.15"]
[EventType "swiss"]
[EventRounds "9"]
[EventCountry "RUS"]
[SourceTitle "EXT 2006"]
[Source "ChessBase"]
[SourceDate "2005.11.24"]
[SourceVersion "1"]
[SourceVersionDate "2005.11.24"]
[SourceQuality "1"]

1. d4 Nf6 2. c4 c5 3. d5 e5 4. Nc3 d6 5. e4 g6 6. Bd3 Bg7 7. Nge2 0-0 8. 0-0 Nh5 9. Be3 f5 10. exf5 gxf5 11. f4 e4 12. Bc2 Nf6 13. h3 Na6 14. Qd2 Kh8 15. Rae1 Qe7 16. Kh1 Bd7 17. g4 fxg4 18. Ng3 Rae8 19. f5 b5 20. Bg5 h6 21. Bxh6 bxc4 22. Ncxe4 Nb4 23. Nxf6 Qxf6 24. Bxg7+ Qxg7 25. Nh5 Qh7 26. hxg4 Nxc2 27. Qxc2 Rxe1 28. Rxe1 Bxf5 29. Qxc4 1/2-1/2

[Event "Moscow Aeroflot op-B"]
[Site "Moscow"]
[Date "2005.02.20"]
[Round "6"]
[White "Galstian, Beniamin"]
[Black "Klimov, Sergey"]
[Result "1/2-1/2"]
[WhiteElo "2444"]
[BlackElo "2509"]
[PlyCount "87"]
[EventDate "2005.02.15"]
[EventType "swiss"]
[EventRounds "9"]
[EventCountry "RUS"]
[SourceTitle "EXT 2006"]
[Source "ChessBase"]
[SourceDate "2005.11.24"]
[SourceVersion "1"]
[SourceVersionDate "2005.11.24"]
[SourceQuality "1"]

1. e4 c5 2. Nf3 e6 3. b3 d6 4. Bb5+ Bd7 5. Bxd7+ Qxd7 6. Bb2 Nc6 7. 0-0 Nf6 8. Re1 Be7 9. d4 cxd4 10. Nxd4 0-0 11. c4 a6 12. Nc3 Rab8 13. Nxc6 Qxc6 14. Rc1 Rfc8 15. Qe2 Qc7 16. Red1 Qa5 17. a3 b5 18. b4 Qb6 19. e5 dxe5 20. c5 Qc7 21. Nb1 e4 22. Nd2 e3 23. Qxe3 Ng4 24. Qg3 Qxg3 25. hxg3 Bf6 26. Bxf6 Nxf6 27. Nb3 Nd5 28. Na5 h5 29. Kf1 g5 30. Ke2 Kg7 31. Rd4 Rc7 32. c6 Rbc8 33. Kd3 Rd8 34. Kc2 Kf6 35. Kb3 Rdc8 36. Rd2 Nb6 37. Rd4 Ke5 38. Rd3 Kf6 39. Rc5 Na4 40. Rc2 Nb6 41. Rd1 Rxc6 42. Rc5 h4 43. gxh4 gxh4 44. Rh5 1/2-1/2

[Event "Moscow Aeroflot op-B"]
[Site "Moscow"]
[Date "2005.02.15"]
[Round "1"]
[White "Vorobiov, Evgeny E"]
[Black "Galstian, Beniamin"]
[Result "1/2-1/2"]
[WhiteElo "2529"]
[BlackElo "2444"]
[PlyCount "87"]
[EventDate "2005.02.15"]
[EventType "swiss"]
[EventRounds "9"]
[EventCountry "RUS"]
[SourceTitle "EXT 2006"]
[Source "ChessBase"]
[SourceDate "2005.11.24"]
[SourceVersion "1"]
[SourceVersionDate "2005.11.24"]
[SourceQuality "1"]

1. e4 e6 2. d3 d5 3. Nd2 Nf6 4. Ngf3 c5 5. g3 Nc6 6. Bg2 g6 7. 0-0 Bg7 8. exd5 Nxd5 9. Nb3 b6 10. d4 Ba6 11. Re1 cxd4 12. Nfxd4 Nxd4 13. Nxd4 0-0 14. c3 Qd7 15. a4 Rac8 16. a5 b5 17. Nc2 Rc7 18. Ne3 b4 19. Nxd5 exd5 20. cxb4 d4 21. Bf4 Rcc8 22. Qd2 d3 23. Rac1 Qd4 24. Bc6 Qxb2 25. b5 Bxb5 26. Qxb2 Bxb2 27. Bxb5 Bxc1 28. Bxc1 Rfd8 29. Be3 d2 30. Rd1 Rc1 31. Be2 Rb8 32. Kg2 Rxd1 33. Bxd1 Rb1 34. Bf3 d1Q 35. Bxd1 Rxd1 36. Bxa7 Ra1 37. Bb6 f6 38. Bd4 Rxa5 39. Bxf6 Kf7 40. Bd8 Rd5 41. Bb6 g5 42. g4 Ke6 43. Be3 Re5 44. h3 1/2-1/2

[Event "Yerevan Petrosian Memorial op"]
[Site "Yerevan"]
[Date "2004.11.25"]
[Round "7"]
[White "Galstian, Beniamin"]
[Black "Pashikian, Arman"]
[Result "1/2-1/2"]
[WhiteElo "2386"]
[BlackElo "2473"]
[PlyCount "29"]
[EventDate "2004.11.18"]
[EventType "swiss"]
[EventRounds "9"]
[EventCountry "ARM"]
[SourceTitle "CBM 103 Extra"]
[Source "ChessBase"]
[SourceDate "2005.01.01"]
[SourceVersion "1"]
[SourceVersionDate "2005.01.01"]
[SourceQuality "1"]

1. e4 c5 2. Nf3 d6 3. c3 Nf6 4. Bd3 Nc6 5. Bc2 Bg4 6. d3 e6 7. Nbd2 d5 8. h3 Bh5 9. Qe2 Be7 10. Nf1 c4 11. exd5 cxd3 12. Bxd3 Nxd5 13. Ng3 Bg6 14. Bxg6 hxg6 15. 0-0 1/2-1/2

[Event "Moscow Aeroflot op-B"]
[Site "Moscow"]
[Date "2004.02.23"]
[Round "7"]
[White "Arutinian, David"]
[Black "Galstian, Beniamin"]
[Result "1-0"]
[WhiteElo "2444"]
[BlackElo "2365"]
[PlyCount "63"]
[EventDate "2004.02.17"]
[EventType "swiss"]
[EventRounds "9"]
[EventCountry "RUS"]
[SourceTitle "EXT 2005"]
[Source "ChessBase"]
[SourceDate "2004.11.15"]
[SourceVersion "1"]
[SourceVersionDate "2004.11.15"]
[SourceQuality "1"]

1. c4 e5 2. Nc3 Bb4 3. g3 Nf6 4. Bg2 0-0 5. e4 c6 6. Nge2 d5 7. cxd5 cxd5 8. exd5 Bf5 9. a3 Bc5 10. b4 Bd4 11. d3 Bg4 12. Bd2 a5 13. bxa5 Rxa5 14. 0-0 Nxd5 15. Qb3 Nxc3 16. Nxc3 Nd7 17. Ne4 Ra7 18. Bc3 Qb6 19. Qxb6 Nxb6 20. Bxd4 exd4 21. Rfb1 Na4 22. Rb4 Rd8 23. Rc1 f5 24. Ng5 Nc3 25. Re1 Be2 26. Ne6 Re8 27. Nxd4 Rxa3 28. Rxb7 g6 29. Bf3 Ra2 30. Rc7 Ra3 31. Nxe2 Nb5 32. Rd7 1-0

[Event "Moscow Aeroflot op-B"]
[Site "Moscow"]
[Date "2004.02.20"]
[Round "4"]
[White "Galstian, Beniamin"]
[Black "Gajsin, Evgenij"]
[Result "1-0"]
[WhiteElo "2365"]
[BlackElo "2404"]
[PlyCount "85"]
[EventDate "2004.02.17"]
[EventType "swiss"]
[EventRounds "9"]
[EventCountry "RUS"]
[SourceTitle "EXT 2005"]
[Source "ChessBase"]
[SourceDate "2004.11.15"]
[SourceVersion "1"]
[SourceVersionDate "2004.11.15"]
[SourceQuality "1"]

1. d4 Nf6 2. Bg5 Ne4 3. Bf4 c5 4. f3 Qa5+ 5. c3 Nf6 6. Nd2 cxd4 7. Nb3 Qd8 8. cxd4 e6 9. e4 Bb4+ 10. Bd2 Be7 11. Bd3 0-0 12. Ne2 b6 13. 0-0 Ba6 14. Be3 Qc8 15. Rc1 Qb7 16. Bb1 Nc6 17. Rf2 d6 18. Nc3 Rac8 19. f4 Na5 20. Nxa5 bxa5 21. Qf3 g6 22. g4 Kh8 23. Kh1 Qa8 24. Re1 Bb7 25. g5 Nh5 26. d5 Kg8 27. dxe6 fxe6 28. Qg4 Rf5 29. Kg1 Rf7 30. Qxe6 Re8 31. Qg4 d5 32. a3 Bc8 33. Qh4 dxe4 34. Ba2 Bf5 35. Ne2 Ref8 36. Nd4 Ng7 37. Rc2 Bd8 38. Rec1 Qb7 39. Qf2 a6 40. Qd2 Bb6 41. Rc6 Kh8 42. Bxf7 Rxf7 43. Nxf5 1-0

[Event "Moscow Aeroflot op-B"]
[Site "Moscow"]
[Date "2004.02.19"]
[Round "3"]
[White "Ponkratov, Pavel"]
[Black "Galstian, Beniamin"]
[Result "0-1"]
[WhiteElo "2407"]
[BlackElo "2365"]
[PlyCount "54"]
[EventDate "2004.02.17"]
[EventType "swiss"]
[EventRounds "9"]
[EventCountry "RUS"]
[SourceTitle "EXT 2005"]
[Source "ChessBase"]
[SourceDate "2004.11.15"]
[SourceVersion "1"]
[SourceVersionDate "2004.11.15"]
[SourceQuality "1"]

1. e4 e6 2. d4 d5 3. e5 c5 4. c3 Qb6 5. Nf3 Bd7 6. Bd3 Bb5 7. dxc5 Bxc5 8. b4 Bxd3 9. Qxd3 Be7 10. 0-0 Nd7 11. a3 Qa6 12. Qd4 f6 13. Qg4 fxe5 14. Qxg7 Bf6 15. Qg4 Ne7 16. Qh5+ Ng6 17. Ng5 Bxg5 18. Bxg5 0-0 19. Nd2 Rf5 20. Qh6 Kh8 21. Rfe1 Rg8 22. h4 Qd3 23. Nf3 Rxf3 24. gxf3 Nf4 25. Re3 Qf5 26. Kf1 Rg6 27. Bxf4 exf4 0-1